Learning Resource and Development

Fundamentals of food and nutrition in the culinary arts (Record no. 3909)

MARC details
000 -LEADER
fixed length control field 00789nam a22002537a 4500
005 - DATE AND TIME OF LATEST TRANSACTION
control field 20230512221907.0
008 - FIXED-LENGTH DATA ELEMENTS--GENERAL INFORMATION
fixed length control field 180503t xxu||||| |||| 00| 0 eng d
020 ## - INTERNATIONAL STANDARD BOOK NUMBER
International Standard Book Number 9789812471994
040 ## - CATALOGING SOURCE
Transcribing agency CSPC
082 0# - DEWEY DECIMAL CLASSIFICATION NUMBER
Classification number 613.2
Item number B455f
100 ## - MAIN ENTRY--PERSONAL NAME
Personal name Berkoff, Nancy
Relator term author.
245 00 - TITLE STATEMENT
Title Fundamentals of food and nutrition in the culinary arts
Statement of responsibility, etc. Nancy Berkoff
250 ## - EDITION STATEMENT
Remainder of edition statement Philippine edition
260 ## - PUBLICATION, DISTRIBUTION, ETC.
Place of publication, distribution, etc. Singapore :
Name of publisher, distributor, etc. Pearson Education,
Date of publication, distribution, etc. 2005.
300 ## - PHYSICAL DESCRIPTION
Extent vii, 377 pages :
Other physical details figures, images ;
Dimensions 25 cm.
500 ## - GENERAL NOTE
General note Includes Index.
650 10 - SUBJECT ADDED ENTRY--TOPICAL TERM
Topical term or geographic name entry element Nutrition.
650 10 - SUBJECT ADDED ENTRY--TOPICAL TERM
Topical term or geographic name entry element Cooking.
700 1# - ADDED ENTRY--PERSONAL NAME
Personal name Berkoff, Nancy
Relator term author.
940 ## - EQUIVALENCE OR CROSS-REFERENCE--UNIFORM TITLE [OBSOLETE] [CAN/MARC only]
Uniform title <a href="123">123</a>
942 ## - ADDED ENTRY ELEMENTS (KOHA)
Koha item type
-- CIR 613.2 B455f 2005
Holdings
Withdrawn status Lost status Source of classification or shelving scheme Damaged status Not for loan Home library Current library Shelving location Date acquired Total Checkouts Full call number Barcode Date last seen Copy number Price effective from Koha item type
    Dewey Decimal Classification     Main Library Main Library Circulation Section 05/12/2023   CIR 613.2 B455f 2005 009701 05/12/2023 1-5 05/12/2023 Books
    Dewey Decimal Classification     Main Library Main Library Circulation Section 05/12/2023   CIR 613.2 B455f 2005 009702 05/12/2023 2-5 05/12/2023 Books
    Dewey Decimal Classification     Main Library Main Library Circulation Section 05/12/2023   CIR 613.2 B455f 2005 009703 05/12/2023 3-5 05/12/2023 Books
    Dewey Decimal Classification     Main Library Main Library Circulation Section 05/12/2023   CIR 613.2 B455f 2005 009704 05/12/2023 4-5 05/12/2023 Books
    Dewey Decimal Classification     Main Library Main Library Circulation Section 05/12/2023   CIR 613.2 B455f 2005 009705 05/12/2023 5-5 05/12/2023 Books